<?xml version="1.0" encoding="UTF-8"?>
<record
    xmlns:xsi="http://www.w3.org/2001/XMLSchema-instance"
    xsi:schemaLocation="http://www.loc.gov/MARC21/slim http://www.loc.gov/standards/marcxml/schema/MARC21slim.xsd"
    xmlns="http://www.loc.gov/MARC21/slim">

  <leader>00924nam a2200229 a 4500</leader>
  <controlfield tag="001">000039842</controlfield>
  <controlfield tag="005">20240305135410.0</controlfield>
  <controlfield tag="008">130725s19uu    ag            000 0 spa d</controlfield>
  <datafield tag="040" ind1=" " ind2=" ">
    <subfield code="a">DO-SdBNP</subfield>
    <subfield code="b">spa</subfield>
    <subfield code="c">BNPHU</subfield>
  </datafield>
  <datafield tag="082" ind1=" " ind2=" ">
    <subfield code="a">xxx</subfield>
  </datafield>
  <datafield tag="100" ind1="1" ind2=" ">
    <subfield code="a">Garc&#xED;a M&#xE1;rquez, Gabriel,</subfield>
    <subfield code="b">1928-2014</subfield>
    <subfield code="9">1804</subfield>
  </datafield>
  <datafield tag="245" ind1="1" ind2="0">
    <subfield code="a">Isabel viendo llover en macondo ;</subfield>
    <subfield code="b">Los cuentos de Gabriel Garc&#xED;a M&#xE1;rquez o el Tr&#xF3;pico desembrujado /</subfield>
    <subfield code="c">Gabriel Garc&#xED;a M&#xE1;rquez, Ernesto Volkening.</subfield>
  </datafield>
  <datafield tag="260" ind1=" " ind2=" ">
    <subfield code="a">Buenos Aires :</subfield>
    <subfield code="b">Estuario,</subfield>
    <subfield code="c">[19uu].</subfield>
  </datafield>
  <datafield tag="300" ind1=" " ind2=" ">
    <subfield code="a">21 p. ;</subfield>
    <subfield code="c">18 cm.</subfield>
  </datafield>
  <datafield tag="490" ind1="1" ind2=" ">
    <subfield code="a">El perseguidor</subfield>
  </datafield>
  <datafield tag="490" ind1="1" ind2=" ">
    <subfield code="a">Narradores latinoamericanos</subfield>
  </datafield>
  <datafield tag="501" ind1=" " ind2=" ">
    <subfield code="a">Encuadernado con: Los cuentos de Gabriel Garc&#xED;a M&#xE1;rquez o el Tr&#xF3;pico desembrujado /Ernesto Volkening.</subfield>
  </datafield>
  <datafield tag="563" ind1=" " ind2=" ">
    <subfield code="a">Dos obras encuadernada juntas con paginaci&#xF3;n continua.</subfield>
  </datafield>
  <datafield tag="700" ind1="1" ind2=" ">
    <subfield code="a">Volkening, Ernesto</subfield>
    <subfield code="9">66030</subfield>
  </datafield>
  <datafield tag="830" ind1=" " ind2="0">
    <subfield code="a">El perseguidor</subfield>
    <subfield code="9">66031</subfield>
  </datafield>
  <datafield tag="830" ind1=" " ind2="0">
    <subfield code="a">Narradores latinoamericanos</subfield>
    <subfield code="9">66032</subfield>
  </datafield>
  <datafield tag="999" ind1=" " ind2=" ">
    <subfield code="c">39332</subfield>
    <subfield code="d">39332</subfield>
  </datafield>
</record>
